000
00326nam a22001457a 4500
008
230906b ||||| |||| 00| 0 eng d
020
_a
9780195131239
041
_a
eng
080
_a
616.8
082
_a
616.8IVE
100
_a
11.2
101
_a
NEURO
245
_a
THE SCIENCE OF MARIJUANA
_c
IVERSEN.L.L
942
_2
udc
_c
BK
999
_c
60253
_d
60253